| 000 | 00724cam a22002411a 4500 | ||
|---|---|---|---|
| 001 | 459464 | ||
| 003 | ARRUPE | ||
| 005 | 20131106144336.0 | ||
| 008 | 860407s1960 enk 000 1 eng d | ||
| 035 | _a(OCoLC)1942192 | ||
| 035 | _a(OCoLC)ocm01942192 | ||
| 035 | _a(CStRLIN)NYCG86-B35872 | ||
| 035 | _a(NNC)459464 | ||
| 040 |
_aNjP _cNjP _dNNC |
||
| 100 | 1 |
_aPowell, Anthony, _d1905-2000. _93399 |
|
| 245 | 1 | 0 |
_aCasanova's Chinese restaurant : _ba novel / _cAnthony Powell. |
| 260 |
_aLondon : _bHeinemann, _c1960. |
||
| 300 |
_a229 p. ; _c19 cm. |
||
| 490 | 1 | _aMusic of time / Anthony Powell. | |
| 800 | 1 |
_aPowell, Anthony, _d1905-2000. _tDance to the music of time. _93400 |
|
| 942 |
_2lcc _cMONOGRAPH |
||
| 999 |
_c118553 _d118553 |
||